Beesvi sadi ke aham waqiyat (20th Century ke aham waqiyat) (Record no. 70694)
[ view plain ]
| 000 -LEADER | |
|---|---|
| fixed length control field | 00424nam a22001577a 4500 |
| 003 - CONTROL NUMBER IDENTIFIER | |
| control field | NUST - PNEC |
| 005 - DATE AND TIME OF LATEST TRANSACTION | |
| control field | 20170116181146.0 |
| 008 - FIXED-LENGTH DATA ELEMENTS--GENERAL INFORMATION | |
| fixed length control field | 151012b xxu||||| |||| 00| 0 eng d |
| 040 ## - CATALOGING SOURCE | |
| Transcribing agency | LIBRARY |
| 082 ## - DEWEY DECIMAL CLASSIFICATION NUMBER | |
| Classification number | 909.83 MUR |
| 100 ## - MAIN ENTRY--PERSONAL NAME | |
| 9 (RLIN) | 14982 |
| Personal name | Murtaza Anjum |
| 245 ## - TITLE STATEMENT | |
| Title | Beesvi sadi ke aham waqiyat (20th Century ke aham waqiyat) |
| Statement of responsibility, etc. | Murtaza Anjum |
| 260 ## - PUBLICATION, DISTRIBUTION, ETC. | |
| Date of publication, distribution, etc. | 2002 |
| 650 ## - SUBJECT ADDED ENTRY--TOPICAL TERM | |
| 9 (RLIN) | 14981 |
| Topical term or geographic name entry element | History |
| General subdivision | General |
| 942 ## - ADDED ENTRY ELEMENTS (KOHA) | |
| Source of classification or shelving scheme | |
| Koha item type | Book |
| Withdrawn status | Lost status | Source of classification or shelving scheme | Damaged status | Not for loan | Permanent Location | Current Location | Shelving location | Date acquired | Total Checkouts | Full call number | Barcode | Date last seen | Date last checked out | Price effective from | Koha item type |
|---|---|---|---|---|---|---|---|---|---|---|---|---|---|---|---|
| Pakistan Navy Engineering College (PNEC) | Pakistan Navy Engineering College (PNEC) | 1 | 909.83 MUR | PNECLIB-026050 | 03/01/2016 | 02/02/2016 | Book |
